[Event "XIV Moglianoscacchi A"]
[Site "Mogliano Veneto ITA"]
[Date "1993.??.??"]
[Round "?"]
[White "Borgato, Massimo"]
[Black "Popovic, Petar"]
[Result "0-1"]
[WhiteElo "2107"]
[BlackElo "2520"]
[PlyCount "46"]
[EventDate "1993.??.??"]

1. d4 Nf6 2. c4 g6 3. Nc3 Bg7 4. e4 d6 5. Nge2 e5 6. Bg5 h6 7. Bh4 Nbd7 8. f3
c6 9. d5 Qc7 10. Bf2 a6 11. Nc1 cxd5 12. cxd5 Nh5 13. Nb3 O-O 14. Rc1 Qd8 15.
Kd2 f5 16. Kc2 Ndf6 17. Kb1 fxe4 18. Qc2 exf3 19. gxf3 Nf4 20. Nd2 Bf5 21. Nde4
Rc8 22. Qb3 Rxc3 23. Rxc3 Nxe4 0-1

[Event "XIV Moglianoscacchi A"]
[Site "Mogliano Veneto ITA"]
[Date "1993.??.??"]
[Round "?"]
[White "Caruso, Augusto"]
[Black "Joksic, Sinisa"]
[WhiteElo "2230"]
[BlackElo "2325"]
[Result "1-0"]
[PlyCount "85"]
[EventDate "1993.??.??"]

1. e4 d6 2. d4 Nf6 3. Nc3 g6 4. f4 Bg7 5. Nf3 O-O 6. Bd3 Na6 7. O-O c5 8. d5
Nc7 9. a4 a6 10. a5 Rb8 11. Na4 Nd7 12. Nd2 e6 13. Qf3 exd5 14. exd5 Qh4 15. c3
Nf6 16. Bc4 Bg4 17. Qd3 Bf5 18. Qf3 Rfe8 19. Nb6 Re7 20. Qd1 Ng4 21. Nf3 Qh5
22. h3 Nf6 23. Be2 Rbe8 24. Ne5 Qh4 25. Bf3 Qg3 26. Ra4 Bxh3 27. Bd2 Bxg2 28.
Bxg2 Ncxd5 29. Rf3 Qh4 30. Rh3 Qxh3 31. Bxh3 Nxb6 32. axb6 dxe5 33. fxe5 Rxe5
34. Qf3 Nd5 35. Ra1 Nxb6 36. Rf1 f5 37. Qxb7 Nd5 38. Qxa6 Kh8 39. Rf2 Nf6 40.
Qc6 R5e6 41. Qb5 Ne4 42. Re2 Nxd2 43. Qxe8+ 1-0

[Event "XIV Moglianoscacchi A"]
[Site "Mogliano Veneto ITA"]
[Date "1993.??.??"]
[Round "2"]
[White "Popovic, Petar"]
[Black "Negro, Roberto"]
[Result "1-0"]
[WhiteElo "2520"]
[BlackElo "2154"]
[PlyCount "49"]
[EventDate "1993.??.??"]

1. e4 c5 2. Nf3 Nc6 3. d4 cxd4 4. Nxd4 Nf6 5. Nc3 e5 6. Ndb5 d6 7. Nd5 Nxd5 8.
exd5 Ne7 9. c3 Nf5 10. a4 Be7 11. Bd3 O-O 12. O-O a6 13. Na3 Nh4 14. Nc4 f5 15.
f4 exf4 16. Bxf4 Ng6 17. Be3 Bd7 18. Nb6 Rb8 19. Nxd7 Qxd7 20. Qh5 f4 21. Bxf4
Rxf4 22. Rxf4 Nxf4 23. Qxh7+ Kf7 24. Rf1 Qg4 25. g3 1-0

[Event "XIV Moglianoscacchi A"]
[Site "Mogliano Veneto ITA"]
[Date "1993.??.??"]
[Round "2"]
[White "Zichichi, Alvise"]
[Black "Borgato, Massimo"]
[Result "1-0"]
[WhiteElo "2305"]
[BlackElo "2107"]
[PlyCount "63"]
[EventDate "1993.??.??"]

1. Nf3 Nf6 2. c4 g6 3. Nc3 Bg7 4. e4 d6 5. d4 O-O 6. h3 Na6 7. Be3 e5 8. d5 Nh5
9. Nd2 Nf4 10. g3 g5 11. Nb3 Ng6 12. Be2 f5 13. exf5 Bxf5 14. Bg4 Qf6 15. Bxf5
Qxf5 16. g4 Qf7 17. Ne4 Nf4 18. a3 Qg6 19. Qc2 Ng2+ 20. Ke2 Rf4 21. Bxf4 exf4
22. Rac1 Re8 23. f3 Ne3 24. Qd3 Bxb2 25. Rb1 Bxa3 26. Nd4 Bc5 27. Ne6 Nb4 28.
Rxb4 Bxb4 29. h4 Rxe6 30. dxe6 Qxe6 31. hxg5 Nxc4 32. Rh6 1-0

[Event "XIV Moglianoscacchi A"]
[Site "Mogliano Veneto ITA"]
[Date "1993.??.??"]
[Round "3"]
[White "Cesaro, Giuliano"]
[Black "Santolini, Luigi"]
[Result "0-1"]
[WhiteElo "1911"]
[BlackElo "2240"]
[PlyCount "82"]
[EventDate "1993.??.??"]

1. d4 d5 2. c4 e6 3. Nf3 Nf6 4. Bg5 Be7 5. Nc3 O-O 6. e3 h6 7. Bh4 b6 8. Bxf6
Bxf6 9. cxd5 exd5 10. Be2 Re8 11. O-O c6 12. Qc2 Qd6 13. Rfd1 Bb7 14. a3 Nd7
15. Rac1 g6 16. Bf1 Bg7 17. b4 a5 18. Qb3 axb4 19. axb4 b5 20. Ra1 Bf8 21. Rab1
Nb6 22. Ne5 Bc8 23. e4 Be6 24. exd5 Nxd5 25. Nxd5 Bxd5 26. Qc3 Ra4 27. Nd3 Bg7
28. Nc5 Ra2 29. Rb2 Rea8 30. Nb7 Qb8 31. Na5 Rxb2 32. Qxb2 c5 33. Nb3 Bxb3 34.
Qxb3 c4 35. Qf3 Ra4 36. Qc6 Rxb4 37. Re1 Qf4 38. g3 Qxd4 39. Qe8+ Bf8 40. Re3
Rb1 41. Rf3 Qd5 0-1

[Event "XIV Moglianoscacchi A"]
[Site "Mogliano Veneto ITA"]
[Date "1993.??.??"]
[Round "4"]
[White "Alba, Albano"]
[Black "Cesaro, Giuliano"]
[WhiteElo "2240"]
[BlackElo "1911"]
[Result "1-0"]
[PlyCount "67"]
[EventDate "1993.??.??"]

1. d4 Nf6 2. c4 g6 3. Nc3 d5 4. cxd5 Nxd5 5. e4 Nxc3 6. bxc3 Bg7 7. Nf3 c5 8.
Be3 O-O 9. Qd2 Nc6 10. Rc1 Qa5 11. Be2 Rd8 12. d5 Bg4 13. c4 Qb6 14. O-O Bxf3
15. Bxf3 Nd4 16. Bg4 e6 17. Kh1 f5 18. exf5 exd5 19. fxg6 Qxg6 20. Bh3 dxc4 21.
Rxc4 Rd5 22. Qc1 b6 23. g3 Rad8 24. Bg2 Rh5 25. Ra4 Qf7 26. Qd1 Kh8 27. Rxa7
Rxh2+ 28. Kxh2 Qxa7 29. Qh5 Qxa2 30. Be4 Qg8 31. Kg2 Ne6 32. Rb1 Rb8 33. Rh1
Nf8 34. Bd5 1-0

[Event "XIV Moglianoscacchi A"]
[Site "Mogliano Veneto ITA"]
[Date "1993.??.??"]
[Round "4"]
[White "Caruso, Augusto"]
[Black "Bellemo, Marco"]
[Result "1-0"]
[WhiteElo "2230"]
[BlackElo "2006"]
[PlyCount "51"]
[EventDate "1993.??.??"]

1. e4 e5 2. d4 exd4 3. f4 Bb4+ 4. Bd2 Bxd2+ 5. Nxd2 d5 6. Ngf3 Bg4 7. Be2 dxe4
8. Nxe4 Nc6 9. O-O Bxf3 10. Bxf3 Nge7 11. Qd3 O-O 12. Ng5 g6 13. Bxc6 Nxc6 14.
Qh3 h5 15. g4 Qd7 16. f5 Qe7 17. Qh4 Qe3+ 18. Kh1 f6 19. Ne6 Qe4+ 20. Kg1 Qe3+
21. Qf2 Rf7 22. Qxe3 dxe3 23. Rae1 gxf5 24. gxf5 Kh7 25. Rxe3 Rg8+ 26. Rg3 1-0

[Event "XIV Moglianoscacchi A"]
[Site "Mogliano Veneto ITA"]
[Date "1993.??.??"]
[Round "4"]
[White "Santolini, Luigi"]
[Black "Borgato, Massimo"]
[Result "0-1"]
[WhiteElo "2240"]
[BlackElo "2107"]
[PlyCount "77"]
[EventDate "1993.??.??"]

1. d4 Nf6 2. c4 g6 3. Nc3 Bg7 4. e4 d6 5. f3 O-O 6. Be3 c5 7. dxc5 dxc5 8. Qxd8
Rxd8 9. Bxc5 Nc6 10. Nd5 Nd7 11. Bxe7 Nxe7 12. Nxe7+ Kf8 13. Nd5 Bxb2 14. Rb1
Bg7 15. Ne2 Nc5 16. Nec3 Be6 17. Be2 Bxc3+ 18. Nxc3 Nd3+ 19. Bxd3 Rxd3 20. Nd5
b6 21. Ke2 Rd4 22. Rhc1 Rc8 23. Ne3 f5 24. exf5 gxf5 25. g3 f4 26. gxf4 Rxf4
27. Rb2 Rc5 28. Rd1 Rh5 29. Kd3 Rxf3 30. Rf1 Rxf1 31. Nxf1 Rh3+ 32. Ne3 Bxc4+
33. Kxc4 Rxe3 34. Kd5 Kg7 35. a4 Rh3 36. Kc6 Rh4 37. Ra2 Rh5 38. Kb7 Ra5 39.
Rg2+ 0-1

[Event "XIV Moglianoscacchi A"]
[Site "Mogliano Veneto ITA"]
[Date "1993.??.??"]
[Round "4"]
[White "Zichichi, Alvise"]
[Black "Falchetta, Giovanni"]
[Result "1-0"]
[WhiteElo "2305"]
[BlackElo "2210"]
[PlyCount "83"]
[EventDate "1993.??.??"]

1. Nf3 Nf6 2. c4 c6 3. b3 d5 4. Bb2 Bf5 5. g3 e6 6. Bg2 h6 7. O-O Nbd7 8. d3
Be7 9. Nbd2 Bh7 10. a3 a5 11. Bc3 c5 12. cxd5 exd5 13. e4 O-O 14. Ne1 Nb6 15.
a4 Re8 16. e5 Nfd7 17. f4 Bf8 18. d4 f6 19. Ndf3 cxd4 20. Bxd4 Bc5 21. Kh1 Be4
22. exf6 Bxd4 23. f7+ Kxf7 24. Qxd4 Kg8 25. Nd3 Rc8 26. Nfe5 Nxe5 27. Nxe5
Bxg2+ 28. Kxg2 Rc2+ 29. Rf2 Qc7 30. Raf1 Qc5 31. Qd3 Rxf2+ 32. Rxf2 d4 33. Rd2
Rd8 34. Nf3 Qd5 35. Qxd4 Qxd4 36. Rxd4 Rc8 37. Ne5 Rc3 38. Rd3 Rc5 39. Kf3 Rc1
40. Ke4 Kh7 41. h4 Re1+ 42. Kf5 1-0

[Event "XIV Moglianoscacchi A"]
[Site "Mogliano Veneto ITA"]
[Date "1993.??.??"]
[Round "5"]
[White "Bonugli, Carlo"]
[Black "Alba, Albano"]
[WhiteElo "1904"]
[BlackElo "2240"]
[Result "1-0"]
[PlyCount "40"]
[EventDate "1993.??.??"]

1. e4 c5 2. Nf3 e6 3. d3 Nc6 4. g3 d6 5. Bg2 Nf6 6. O-O Be7 7. Re1 Qc7 8. c3
O-O 9. d4 b6 10. e5 dxe5 11. dxe5 Nd5 12. Nbd2 Bb7 13. Qc2 Rad8 14. a3 Ba6 15.
c4 Nd4 16. Nxd4 cxd4 17. Qa4 Ne3 18. fxe3 dxe3 19. Ne4 Bxc4 20. Bxe3 b5 1-0

[Event "XIV Moglianoscacchi A"]
[Site "Mogliano Veneto ITA"]
[Date "1993.??.??"]
[Round "5"]
[White "Klundt, Klaus"]
[Black "Mileto, Gabriele"]
[Result "1-0"]
[WhiteElo "2380"]
[BlackElo "2225"]
[PlyCount "81"]
[EventDate "1993.??.??"]

1. e4 e5 2. Nf3 Nc6 3. Bb5 f5 4. Nc3 fxe4 5. Nxe4 Nf6 6. Qe2 d5 7. Nxf6+ gxf6
8. d4 Bg7 9. dxe5 O-O 10. Bxc6 bxc6 11. e6 Re8 12. O-O c5 13. Qb5 Bf8 14. Bf4
Bxe6 15. Rfe1 Bd6 16. Bxd6 Qxd6 17. Qa4 Kg7 18. Nh4 Kf7 19. Qa3 Qf4 20. g3 Qb4
21. Qd3 Kg7 22. b3 Qg4 23. Qb5 Qd4 24. Qc6 Rac8 25. c3 Qxc3 26. Rac1 Bh3 27.
Red1 Qe5 28. Qxc5 a6 29. Ng2 Bxg2 30. Kxg2 c6 31. Rd4 Qe2 32. Rc2 Qe7 33. Qb6
Qd7 34. b4 Re6 35. Rc5 Re4 36. Rxe4 dxe4 37. Qxa6 f5 38. Qc4 Qd3 39. Qc1 Qf3+
40. Kg1 Rd8 41. Qg5+ 1-0

[Event "XIV Moglianoscacchi A"]
[Site "Mogliano Veneto ITA"]
[Date "1993.??.??"]
[Round "5"]
[White "Magrin, Antonio"]
[Black "Rodighiero, Giuseppe"]
[Result "0-1"]
[WhiteElo "2200"]
[BlackElo "2230"]
[PlyCount "118"]
[EventDate "1993.??.??"]

1. d4 Nf6 2. Nf3 g6 3. Bf4 Bg7 4. Nbd2 d5 5. h3 O-O 6. e3 c5 7. c3 Nfd7 8. Be2
Nc6 9. O-O e5 10. dxe5 Ndxe5 11. Nxe5 Bxe5 12. Bxe5 Nxe5 13. Nf3 Nc6 14. Qd2
Be6 15. Rad1 Qf6 16. b4 b6 17. b5 Na5 18. Nh2 h5 19. f4 Qg7 20. g4 Rad8 21. Rf2
hxg4 22. hxg4 f5 23. g5 Nb7 24. Nf3 Nd6 25. Rh2 Ne4 26. Qe1 Nxc3 27. Rd2 Ne4
28. Rc2 d4 29. exd4 Rxd4 30. Qh4 Rd6 31. Ne5 Bd5 32. Bf1 Rfd8 33. Rh3 Kf8 34.
Rch2 Ke7 35. Qh7 Rg8 36. Rh6 Bf7 37. Nc6+ Rxc6 38. Qxg7 Rxg7 39. bxc6 c4 40.
Rh8 Bg8 41. c7 Nd6 42. Rd2 Be6 43. Rxd6 Kxd6 44. c8=Q Bxc8 45. Rxc8 b5 46. a4
a6 47. Ra8 Kc5 48. Rxa6 b4 49. Kf2 b3 50. Ra5+ Kd4 51. Rb5 Rc7 52. Ke2 Kc3 53.
a5 Kc2 54. Ke3 b2 55. Kd4 c3 56. Bd3+ Kc1 57. a6 c2 58. a7 Rxa7 59. Rc5 Rd7+
0-1

[Event "XIV Moglianoscacchi A"]
[Site "Mogliano Veneto ITA"]
[Date "1993.??.??"]
[Round "5"]
[White "Negro, Roberto"]
[Black "Fabris, Alberto"]
[Result "1-0"]
[WhiteElo "2154"]
[BlackElo "2205"]
[PlyCount "97"]
[EventDate "1993.??.??"]

1. d4 Nf6 2. c4 g6 3. Nc3 Bg7 4. e4 d6 5. Nge2 O-O 6. Ng3 e5 7. d5 Ng4 8. Be2
Qh4 9. Nb5 Na6 10. Bd2 f5 11. Bxg4 Qxg4 12. Qxg4 fxg4 13. b4 h5 14. Ke2 Bd7 15.
Rhc1 Rf7 16. Rab1 Kh7 17. Be1 Bh6 18. Rc3 Rf4 19. Re3 Rf6 20. Rd3 Kg7 21. Nf1
h4 22. g3 hxg3 23. hxg3 Bg5 24. Rb2 Rff8 25. Rc2 Rh8 26. a4 Be7 27. Ne3 Rh1 28.
Rd1 Rah8 29. Rdc1 Rg1 30. c5 Rhh1 31. cxd6 Bxd6 32. Nxd6 cxd6 33. b5 Nc5 34.
Rc4 Kf8 35. Rb1 a6 36. Nc2 Ke7 37. Rb2 Be8 38. Ba5 Rb1 39. Rxb1 Rxb1 40. bxa6
bxa6 41. Nb4 Bxa4 42. Nc6+ Ke8 43. Rxc5 dxc5 44. Nxe5 g5 45. Kd2 Rb2+ 46. Ke1
Bd7 47. Nc4 Rc2 48. Ne3 Ra2 49. Bb6 1-0

[Event "XIV Moglianoscacchi A"]
[Site "Mogliano Veneto ITA"]
[Date "1993.??.??"]
[Round "5"]
[White "Tonon, Alessandro"]
[Black "Santolini, Luigi"]
[Result "0-1"]
[WhiteElo "1896"]
[BlackElo "2240"]
[PlyCount "72"]
[EventDate "1993.??.??"]

1. d4 d5 2. c4 e6 3. Nc3 Be7 4. Nf3 Nf6 5. Bg5 O-O 6. e3 h6 7. Bh4 b6 8. Be2
dxc4 9. Bxc4 Bb7 10. O-O Nbd7 11. Rc1 c5 12. a3 a6 13. Ba2 cxd4 14. exd4 b5 15.
Re1 Nb6 16. Ne5 Nfd5 17. Bxe7 Qxe7 18. Qg4 Rac8 19. f4 Nxc3 20. Rxc3 Rxc3 21.
bxc3 Qxa3 22. Bxe6 Qxc3 23. Rd1 Nd5 24. Qg6 Qe3+ 25. Kh1 Qxf4 26. Nxf7 Rxf7 27.
Re1 Ne7 28. Bxf7+ Qxf7 29. Qd6 Ng6 30. Qd8+ Kh7 31. Qb6 Qf2 32. Rg1 Bxg2+ 33.
Rxg2 Qf1+ 34. Rg1 Qf3+ 35. Rg2 Nh4 36. Qg6+ Nxg6 0-1